Understanding Section 8 Search, Seizure, and the Canadian Constitution /

Detalles Bibliográficos
Autor principal: Boucher, Susanne
Otros Autores: Landa, Kenneth
Formato: eBook
Lenguaje:inglés
Publicado: Toronto: Irwin Law Inc., 2005
Materias:
Acceso en línea:Acceso restringido

MARC

LEADER 00000nam a22000007a 4500
005 20210817215918.0
007 cr|||| ||||
008 210817s2005 ca |||||s|||| 00||0 eng d
020 |a 9781552212875 
035 |a 34895 
040 |a vLex 
090 |c 12034  |d 12034 
100 1 |a Boucher, Susanne 
245 1 0 |a Understanding Section 8  |h [Recurso electrn̤ico] :  |b Search, Seizure, and the Canadian Constitution /  |c Susanne Boucher, Kenneth Landa 
256 |a Servicio en ln̕ea 
260 |a Toronto:  |b Irwin Law Inc.,  |c 2005 
300 |a 1 recurso electrn̤ico 
506 1 |a Disponible solo en los productos indicados  |d vLex Global  |d vLex Global (Academic Edition, excluding Law Schools)  |d vLex Global (U.S. Academic Edition, Law Schools)  |d vLex Global (U.S. Academic Edition, excluding Law Schools)  |d vLex Global (Academic Edition, Law Schools) 
650 0 4 |a Derecho Constitucional  |z Canad̀ 
700 1 |a Landa, Kenneth 
740 0 |a vLex Libros (Servicio en ln̕ea) 
856 4 0 |u https://app.vlex.com/#/sources/34895  |z Acceso restringido 
942 |c BOOK 
999 0 |a Constitutional right